Southville International School and Colleges
Your cart is empty.
  • Cart
  • Lists
    Public lists Eva Luna New books Lux_list list_1
    Your lists Log in to create your own lists
  • Log in to your account
  • Your cookies
  • Search history
Southville International School and Colleges
  • Advanced search
  • Recent comments
  • Most popular
  • Libraries

Log in to your account

Log in with GOOGLE


If you do not have an external account, but do have a local account, you can still log in:

  1. Home
  2. MARC view: Origami III.
Normal view MARC view ISBD view

Origami III. (Record no. 115359)

[ view plain ]
MARC details
000 -LEADER
fixed length control field 00385nam a2200157 a 4500
005 - DATE AND TIME OF LATEST TRANSACTION
control field 20140414132141.0
008 - FIXED-LENGTH DATA ELEMENTS--GENERAL INFORMATION
fixed length control field 140130s19uu xx 00 eng d
020 ## - INTERNATIONAL STANDARD BOOK NUMBER
International Standard Book Number 9788179874196
050 ## - LIBRARY OF CONGRESS CALL NUMBER
Classification number M 745.54
Item number Mo71 1994
100 ## - MAIN ENTRY--PERSONAL NAME
Personal name Mohini, Mudit
245 ## - TITLE STATEMENT
Title Origami III.
260 ## - PUBLICATION, DISTRIBUTION, ETC. (IMPRINT)
Place of publication, distribution, etc New Delhi :
Name of publisher, distributor, etc Vishv Books,
Date of publication, distribution, etc c1994.
300 ## - PHYSICAL DESCRIPTION
Extent 32
650 ## - SUBJECT ADDED ENTRY--TOPICAL TERM
Topical term or geographic name as entry element Paper folding
Holdings
Withdrawn status Lost status Damaged status Use restrictions Home library Current library Shelving location Date acquired Source of acquisition Cost, normal purchase price Total Checkouts Full call number Barcode Date last seen Price effective from Koha item type
        Munich Library Munich Library Main Section 01/30/2014   95.00   M 745.54 Mo71 1994 M7416 04/14/2014 04/14/2014 Books

Origami III.

APA

Mohini M., . (1994). Origami III. New Delhi: Vishv Books.

Chicago

Mohini Mudit, . 1994. Origami III. New Delhi: Vishv Books.

Harvard

Mohini M., . (1994). Origami III. New Delhi: Vishv Books.

MLA

Mohini Mudit, . Origami III. New Delhi: Vishv Books. 1994.

  • Place hold
  • Print
  • Cite
  • Add to your cart (remove)
  • Save record
    BIBTEX Dublin Core MARCXML MARC (non-Unicode/MARC-8) MARC (Unicode/UTF-8) MARC (Unicode/UTF-8, Standard) MODS (XML) RIS
  • More searches
    Search for this title in:
    Other Libraries (WorldCat) Other Databases (Google Scholar) Online Stores (Bookfinder.com) Open Library (openlibrary.org)

Exporting to Dublin Core...

SOUTHVILLE LIBRARY

Southville International School and Colleges Library

1281 Tropical Ave. Cor. Luxembourg St., BF Homes International, Las Pinas City

Tel. No. 8256374 / 252358 Loc. 117/146

Powered by Koha